| 000 | 00597nam a2200241 a 4500 | ||
|---|---|---|---|
| 001 | 0001-1154 | ||
| 003 | ELIB.Books | ||
| 008 | 150506 2010 eng | ||
| 020 | _a084075941X | ||
| 035 | _a(ELIB.Books)0001-1309 | ||
| 092 |
_aB _bSch |
||
| 100 | _aSchuller, Carol. | ||
| 245 | _aIn the Shadow of His Wings | ||
| 260 |
_aNashville _bThomas Nelson Publishers _c1986 |
||
| 300 |
_a224 _c21 Cm |
||
| 500 | _alibrary | ||
| 650 | _aBiography | ||
| 856 |
_nKBTS: Library _uKBTS: Elib |
||
| 942 |
_2ddc _cBK |
||
| 990 | _a1 | ||
| 998 |
_cbat _e2015-05-06 |
||
| 999 |
_c11154 _d11154 |
||